在空白地图上画出江西所有县级行政区Counties in Jiangxi with an empty map - Statistics

General Stats
  • This quiz has been taken 109 times
  • The average score is 81 of 100
Answers on the Map
Answers color-coded by a green-red scale on the quiz's map according to % correct below.
 
Answer Stats
地级 县级 % Correct
南昌市 南昌县
98%
赣州市 瑞金市
98%
九江市 庐山市
95%
南昌市 东湖区
93%
南昌市 西湖区
93%
南昌市 青山湖区
93%
南昌市 新建区
93%
九江市 共青城市
93%
赣州市 赣县区
93%
宜春市 樟树市
93%
上饶市 鄱阳县
93%
上饶市 婺源县
93%
南昌市 青云谱区
90%
南昌市 红谷滩区
90%
九江市 浔阳区
90%
九江市 修水县
90%
鹰潭市 贵溪市
90%
赣州市 章贡区
90%
南昌市 进贤县
88%
景德镇市 浮梁县
88%
九江市 柴桑区
88%
九江市 湖口县
88%
九江市 瑞昌市
88%
赣州市 龙南市
88%
吉安市 吉安县
88%
宜春市 丰城市
88%
宜春市 高安市
88%
新余市 渝水区
86%
新余市 分宜县
86%
吉安市 吉州区
86%
吉安市 井冈山市
86%
上饶市 信州区
86%
九江市 永修县
83%
赣州市 信丰县
83%
赣州市 定南县
83%
抚州市 临川区
83%
上饶市 铅山县
83%
南昌市 安义县
81%
景德镇市 昌江区
81%
景德镇市 乐平市
81%
萍乡市 安源区
81%
萍乡市 湘东区
81%
萍乡市 芦溪县
81%
九江市 濂溪区
81%
九江市 武宁县
81%
九江市 德安县
81%
九江市 都昌县
81%
九江市 彭泽县
81%
鹰潭市 月湖区
81%
赣州市 大余县
81%
赣州市 宁都县
81%
赣州市 于都县
81%
吉安市 吉水县
81%
宜春市 袁州区
81%
上饶市 玉山县
81%
上饶市 万年县
81%
鹰潭市 余江区
79%
赣州市 南康区
79%
赣州市 全南县
79%
赣州市 寻乌县
79%
吉安市 青原区
79%
吉安市 新干县
79%
宜春市 万载县
79%
宜春市 铜鼓县
79%
抚州市 东乡区
79%
上饶市 广丰区
79%
上饶市 广信区
79%
萍乡市 上栗县
76%
赣州市 上犹县
76%
赣州市 石城县
76%
上饶市 弋阳县
76%
上饶市 余干县
76%
上饶市 德兴市
76%
景德镇市 珠山区
74%
萍乡市 莲花县
74%
赣州市 安远县
74%
赣州市 兴国县
74%
赣州市 会昌县
74%
吉安市 峡江县
74%
宜春市 奉新县
74%
宜春市 上高县
74%
宜春市 靖安县
74%
抚州市 南城县
74%
抚州市 宜黄县
74%
吉安市 永丰县
71%
吉安市 泰和县
71%
吉安市 遂川县
71%
吉安市 万安县
71%
吉安市 安福县
71%
抚州市 南丰县
71%
抚州市 资溪县
71%
抚州市 广昌县
71%
上饶市 横峰县
71%
赣州市 崇义县
69%
宜春市 宜丰县
69%
抚州市 金溪县
69%
吉安市 永新县
67%
抚州市 黎川县
64%
抚州市 崇仁县
64%
抚州市 乐安县
64%
No matching quizzes found
Score Distribution
Percent of People with Each Score
Percentile by Number Answered
Your Score History
You have not taken this quiz